Синлексические сочетания глаголов "быть" и "иметь" в английском, французском и итальянском языках; Филологические науки. Вопросы теории и практики; № 4 (46), ч. 1

Dades bibliogràfiques
Parent link:Филологические науки. Вопросы теории и практики.— , 2008-
№ 4 (46), ч. 1.— 2015.— [С. 138-140]
Autor principal: Панамарёва А. Н. Анна Николаевна
Autor corporatiu: Национальный исследовательский Томский политехнический университет (ТПУ) Институт социально-гуманитарных технологий (ИСГТ) Кафедра иностранных языков (ИЯСГТ)
Sumari:Заглавие с экрана
В статье исследуются синлексические сочетания глаголов "быть" и "иметь" в английском, французском и итальянском языках в сравнительном аспекте. В результате анализа обнаруживается использование глаголов с разной степенью акциональности в английских, французских и итальянских эквивалентах, что отражает особенности языковой картины мира данных народов.
In the article the synlexical combinations of the verbs “to be” and “to have” in the English, French and Italian languages are considered in the comparative aspect. As a result of the analysis the author finds out the use of the verbs with various degrees of actionality in the English, French and Italian equivalents which reflects the peculiarities of the linguistic worldview of these peoples.
Режим доступа: по договору с организацией-держателем ресурса
Idioma:rus
Publicat: 2015
Matèries:
Accés en línia:http://elibrary.ru/item.asp?id=23068920
http://www.gramota.net/materials/2/2015/4-1/42.html
Format: Electrònic Capítol de llibre
KOHA link:https://koha.lib.tpu.ru/cgi-bin/koha/opac-detail.pl?biblionumber=644123

MARC

LEADER 00000nla0a2200000 4500
001 644123
005 20250304143212.0
035 |a (RuTPU)RU\TPU\network\9172 
090 |a 644123 
100 |a 20151028d2015 k||y0rusy50 ca 
101 0 |a rus 
102 |a RU 
135 |a drnn ---uucaa 
181 0 |a i  
182 0 |a b 
200 1 |a Синлексические сочетания глаголов "быть" и "иметь" в английском, французском и итальянском языках  |d Synlexical combinations of the verbs "to be" and "to have" in the english, french and italian languages  |f А. Н. Панамарёва 
203 |a Текст  |c электронный 
300 |a Заглавие с экрана 
320 |a [Библиогр.: с. 140 (7 назв.)] 
330 |a В статье исследуются синлексические сочетания глаголов "быть" и "иметь" в английском, французском и итальянском языках в сравнительном аспекте. В результате анализа обнаруживается использование глаголов с разной степенью акциональности в английских, французских и итальянских эквивалентах, что отражает особенности языковой картины мира данных народов. 
330 |a In the article the synlexical combinations of the verbs “to be” and “to have” in the English, French and Italian languages are considered in the comparative aspect. As a result of the analysis the author finds out the use of the verbs with various degrees of actionality in the English, French and Italian equivalents which reflects the peculiarities of the linguistic worldview of these peoples. 
333 |a Режим доступа: по договору с организацией-держателем ресурса 
461 |t Филологические науки. Вопросы теории и практики  |d 2008- 
463 |t № 4 (46), ч. 1  |v [С. 138-140]  |d 2015 
510 1 |a Synlexical combinations of the verbs "to be" and "to have" in the english, french and italian languages  |z eng 
610 1 |a электронный ресурс 
610 1 |a труды учёных ТПУ 
610 1 |a языковая картина мира 
610 1 |a английский язык 
610 1 |a французский язык 
610 1 |a итальянский язык 
610 1 |a глаголы 
700 1 |a Панамарёва  |b А. Н.  |c лингвист  |c доцент Томского политехнического университета, кандидат филологических наук  |f 1980-  |g Анна Николаевна  |3 (RuTPU)RU\TPU\pers\29665  |9 14178 
712 0 2 |a Национальный исследовательский Томский политехнический университет (ТПУ)  |b Институт социально-гуманитарных технологий (ИСГТ)  |b Кафедра иностранных языков (ИЯСГТ)  |3 (RuTPU)RU\TPU\col\18376 
801 2 |a RU  |b 63413507  |c 20151028  |g RCR 
856 4 |u http://elibrary.ru/item.asp?id=23068920 
856 4 |u http://www.gramota.net/materials/2/2015/4-1/42.html 
942 |c CF